000 01076nam a22002537a 4500
005 20170124102941.0
010 _aB-081538
020 _c125.00
035 _aB-081538
037 _bCen Lib/Ret
040 _aDPL
_bHN
082 _a822
_bचौहान
100 _aचौहान, लालबहादुर सिंह
_946054
245 _aखूब लड़ी मर्दानी वह तो.../
_cलालबहादुर सिंह चौहान
246 _aKhoob lari mardani wah to.../
_bby Lalbahadur Singh Chauhan
260 _aदिल्ली
_bस्वस्तिक प्रकाशन
_c2003
270 _bदिल्ली
_aकश्मीरी गेट
_e110006
300 _a120पृ.
_c21मी(सजिल्द)
650 _aहिन्दी साहित्य
_948301
650 _aहिन्दी साहित्य -- नाटक
_946022
650 _aHindi literature
_948302
650 _aHindi literature -- Drama
_948303
942 _2ddc
_cHN
_h822
_mचौहान
999 _c112587
_d112587